| 000 | 00000nam 2200000za 4500 |
| 001 | 9.581448 |
| 003 | CaOODSP |
| 005 | 20210624191523 |
| 007 | cr ||||||||||| |
| 008 | 150406|2015||||xxc|||||o f|0| 0 eng d |
| 040 | |aCaOODSP|beng |
| 043 | |an-cn--- |
| 086 | 1 |aXC67-1/1-412-9E-PDF |
| 110 | 1 |aCanada. |bParliament. |bHouse of Commons. |bStanding Committee on Human Resources, Skills and Social Development and the Status of Persons with Disabilities. |
| 245 | 10|aRenewal of the labour market development agreements / |h[electronic resource]|cPhil McColeman, Chair. |
| 260 | |aOttawa - Ontario : |bHouse of Commons. |cJanuary 2015. |
| 300 | |a98p.|bcoloured figs., references |
| 490 | 1 |aReport of the Standing Committee on Human Resources, Skills and Social Development and the Status of Persons with Disabilities|v9th report, 41st Parliament, 2nd session |
| 500 | |aOriginal published on: 2015/01/28; published on: 2015/02/03. |
| 590 | |a15-06|b2015-02-06 |
| 775 | 08|tRenouvellement des ententes sur le développement du marché du travail / |w(CaOODSP)9.608271 |
| 830 | #0|aReport of the Standing Committee on Human Resources, Skills and Social Development and the Status of Persons with Disabilities ;|v9th report, 41st Parliament, 2nd session|w(CaOODSP)9.507000 |
| 856 | 40|ahttp://publications.gc.ca|qPDF|s523 KB|uhttps://publications.gc.ca/collections/collection_2015/parl/xc67-1/XC67-1-1-412-9-eng.pdf|y9th report, 41st Parliament, 2nd session |